000
00314nam a22001337a 4500
008
170526b xxu||||| |||| 00| 0 eng d
020
_a
9780070458963
041
_a
eng
080
_a
621(075.8)
100
_a
25
101
_a
IM
245
_a
STATICS AND MECHANICS OF MATERIALS
_c
NASH.W.A
942
_2
udc
_c
BK
999
_c
14373
_d
14373